Coopération pour le développement : efforts et politiques poursuivis par les membres du Comité d'aide au développement (Record no. 44140)

MARC details
000 -LEADER
fixed length control field 00642 a2200217 4500
037 ## - SOURCE OF ACQUISITION
Stock number DE 2445
020 ## - NUMERO INTERNATIONAL NORMALISE DES LIVRES
International Standard Book Number 292-64-22649-4
100 ## - VEDETTE PRINCIPALE - NOM DE PERSONNE
Personal name Raots, Rutherford M.
100 ## - VEDETTE PRINCIPALE - NOM DE PERSONNE
Language of a work Fr
260 ## - PUBLICATION, DISTRIBUTION, ETC. (IMPRINT)
Place of publication, distribution, etc Paris
260 ## - PUBLICATION, DISTRIBUTION, ETC. (IMPRINT)
Name of publisher, distributor, etc Organisation de coopération et de développement économiques
245 ## - TITLE STATEMENT
Title Coopération pour le développement : efforts et politiques poursuivis par les membres du Comité d'aide au développement
260 ## - PUBLICATION, DISTRIBUTION, ETC. (IMPRINT)
Date of publication, distribution, etc 1984
300 ## - PHYSICAL DESCRIPTION
Extent 291p.
300 ## - PHYSICAL DESCRIPTION
Other physical details 24cm
630 ## - SUBJECT ADDED ENTRY--UNIFORM TITLE
Uniform title 33 - Economie - Economie politique
650 ## - SUBJECT ADDED ENTRY--TOPICAL TERM
Topical term or geographic name as entry element 3 - SCIENCES SOCIALES
650 ## - SUBJECT ADDED ENTRY--TOPICAL TERM
Topical term or geographic name as entry element Développement : coopération
Holdings
Withdrawn status Lost status Damaged status Not for loan Location (home branch) Sublocation or collection (holding branch) Date acquired Koha issues (times borrowed) Koha full call number Koha date last seen Price effective from Koha item type
        Bibliothèque Universitaire Centrale Bibliothèque Universitaire Centrale 28/02/2009   334 ORG 28/02/2009 28/02/2009 Livre


© 2008, Bibliothèques de l'Université d'Abomey-Calavi

04 BP 789 Cotonou, Tél. : +229 21 36 01 01, Fax : +229 21 35 06 32

Courriel : bu@bu.uac.bj